00485nam a2200193Ia 4500003000400000005001700004008004100021020001500062040000700077041000800084082001900092100002000111245006200131260004300193300001500236365001300251650001200264650001500276OSt20250718101918.0210423s2003 xx 000 0 und d a8122900038 cAL aeng a070.415 bKNIC aRobert M Knight aCraft of clarityb: Journalistic approach to good writing aNew DelhibSurjeeth Publicationsc2003 axi,140bPB b160cINR aEditing aJournalism